[Event "Wch Seniors 50 26th"]
[Site "Marianske Lazne"]
[Date "2016.11.30"]
[Round "11"]
[White "Polanyi, Peter"]
[Black "Habada, Jindrich"]
[Result "1/2-1/2"]
[WhiteElo "1990"]
[BlackElo "1799"]
[PlyCount "163"]
[EventDate "2016.11.19"]
[EventType "swiss"]
[EventRounds "11"]
[EventCountry "CZE"]
[SourceTitle "CBM 175 Extra"]
[Source "ChessBase"]
[SourceDate "2016.12.12"]
[SourceVersion "1"]
[SourceVersionDate "2016.12.12"]
[SourceQuality "1"]

1. e4 c5 2. Nf3 d6 3. d4 cxd4 4. Nxd4 Nf6 5. Nc3 g6 6. Be3 Bg7 7. Bc4 Nc6 8. Bb3 0-0 9. h3 Bd7 10. Qd2 Rc8 11. g4 a5 12. f3 Ne5 13. h4 h5 14. gxh5 Nxh5 15. Bh6 b5 16. Bxg7 Kxg7 17. a3 Nc4 18. Bxc4 Rxc4 19. 0-0-0 b4 20. axb4 axb4 21. Nd5 e5 22. Nb3 Qb8 23. Ne3 Rc6 24. Nf5+ Bxf5 25. exf5 Rfc8 26. fxg6 fxg6 27. Qg5 Rxc2+ 28. Kb1 Qa7 29. Rd2 Rxd2 30. Qxd2 Ra8 31. Qc2 Qe3 32. Rd1 Qxf3 33. Rxd6 Nf4 34. Rd7+ Kh8 35. Qc4 Ne2 36. Rd1 Qf5+ 37. Qd3 Qxd3+ 38. Rxd3 Kg7 39. Re3 Nd4 40. Nc5 Kf6 41. Nd7+ Ke6 42. Rxe5+ Kd6 43. Re4 Nc6 44. Nb6 Rh8 45. Kc2 Rh5 46. Nc4+ Kd5 47. Rg4 Nd4+ 48. Kd3 Nf3 49. Ne3+ Kc5 50. Kc2 Rxh4 51. Rxg6 Rh2+ 52. Kb3 Rh1 53. Nc2 Nd2+ 54. Ka4 b3 55. Rg5+ Kc4 56. Na3+ Kd3 57. Rd5+ Ke3 58. Kb4 Rc1 59. Rd8 Rc7 60. Nb5 Rc4+ 61. Ka3 Rc5 62. Nc3 Rc4 63. Rd5 Rd4 64. Rb5 Kd3 65. Nd5 Kc2 66. Nb4+ Kc1 67. Rc5+ Rc4 68. Rd5 Rc8 69. Nd3+ Kc2 70. Nb4+ Kc1 71. Nd3+ Kc2 72. Ne1+ Kd1 73. Nf3 Ra8+ 74. Kb4 Rb8+ 75. Kc5 Rc8+ 76. Kb4 Rb8+ 77. Ka5 Ra8+ 78. Kb6 Kc1 79. Rxd2 Ra2 80. Rd3 Rxb2 81. Nd4 Rb1 82. Rxb3 1/2-1/2

[Event "Wch Seniors 50 26th"]
[Site "Marianske Lazne"]
[Date "2016.11.29"]
[Round "10"]
[White "Vieira, Alexandre Letizio"]
[Black "Polanyi, Peter"]
[Result "0-1"]
[WhiteElo "1835"]
[BlackElo "1990"]
[PlyCount "120"]
[EventDate "2016.11.19"]
[EventType "swiss"]
[EventRounds "11"]
[EventCountry "CZE"]
[SourceTitle "CBM 175 Extra"]
[Source "ChessBase"]
[SourceDate "2016.12.12"]
[SourceVersion "1"]
[SourceVersionDate "2016.12.12"]
[SourceQuality "1"]

1. d4 Nf6 2. Bf4 g6 3. e3 Bg7 4. Nf3 d6 5. h3 Nbd7 6. Nbd2 0-0 7. c3 Re8 8. Bc4 Nb6 9. Bb3 e6 10. 0-0 a5 11. a4 h6 12. Bh2 Nbd7 13. Nc4 Ne4 14. Qc2 Ndf6 15. Ncd2 Nxd2 16. Nxd2 b6 17. e4 Bb7 18. f4 d5 19. e5 Ne4 20. Nxe4 dxe4 21. Qf2 Bf8 22. Qg3 Kh7 23. Rad1 c6 24. Qe3 c5 25. Kh1 cxd4 26. cxd4 Rc8 27. g4 Qd7 28. Rd2 Bb4 29. Rg2 Ba6 30. Rd1 Bb7 31. Bg1 Red8 32. Kh2 Rc7 33. Bc2 Rdc8 34. Bxe4 Bxe4 35. Qxe4 Qxa4 36. Rd3 Rc2 37. Rdg3 Qc6 38. Qd3 Be1 39. Rf3 Rxg2+ 40. Kxg2 Qc2+ 41. Kf1 Qxb2 42. Be3 Rc3 43. Qe2 Bd2 44. Bxd2 Rxf3+ 45. Qxf3 Qxd2 46. Qe4 Qc1+ 47. Kg2 Qc4 48. Kh2 Qd5 49. Qd3 Kg7 50. f5 a4 51. fxg6 fxg6 52. Qa3 Qd7 53. Qf3 Qf7 54. Qa3 Qd7 55. Qf3 b5 56. Qa3 Qf7 57. Kg3 Qf8 58. Qa2 Qe7 59. h4 Qb4 60. Qxe6 Qb3+ 0-1

[Event "Wch Seniors 50 26th"]
[Site "Marianske Lazne"]
[Date "2016.11.24"]
[Round "6"]
[White "Randak, Pavel"]
[Black "Polanyi, Peter"]
[Result "1/2-1/2"]
[WhiteElo "1826"]
[BlackElo "1990"]
[PlyCount "124"]
[EventDate "2016.11.19"]
[EventType "swiss"]
[EventRounds "11"]
[EventCountry "CZE"]
[SourceTitle "CBM 175 Extra"]
[Source "ChessBase"]
[SourceDate "2016.12.12"]
[SourceVersion "1"]
[SourceVersionDate "2016.12.12"]
[SourceQuality "1"]

1. e4 c5 2. Nf3 e6 3. d4 cxd4 4. Nxd4 Nc6 5. Nc3 Qc7 6. Be2 a6 7. a4 b6 8. Nxc6 dxc6 9. 0-0 Nf6 10. Be3 Bb7 11. f4 c5 12. Bf3 Rd8 13. Qe2 Be7 14. Rad1 0-0 15. Rxd8 Rxd8 16. Rd1 Rxd1+ 17. Qxd1 Qd7 18. Qxd7 Nxd7 19. Kf2 f6 20. Be2 Kf7 21. Bc4 Bd6 22. f5 Nf8 23. fxe6+ Nxe6 24. Nd5 Bxd5 25. Bxd5 Ke7 26. Bb7 Nc7 27. b4 a5 28. bxa5 bxa5 29. Bd2 Ne6 30. Bxa5 c4 31. Bb6 Bc5+ 32. Bxc5+ Nxc5 33. Bd5 Nxa4 34. Bxc4 Kd6 35. Ke3 Ke5 36. Bg8 h6 37. c4 Nc5 38. Bh7 Ne6 39. Bf5 Nc5 40. h4 g5 41. hxg5 hxg5 42. Bg6 Ne6 43. g3 Nc5 44. Bf5 Nb3 45. Kd3 Nc5+ 46. Kc3 Nb7 47. Bd7 Nc5 48. Bc6 Ne6 49. Bd5 Nc5 50. Kb4 Kd4 51. Kb5 Nd3 52. g4 Nc5 53. Kc6 Nd3 54. Kd6 Nc5 55. Bc6 Nd3 56. Bd5 Nc5 57. Ba8 Na6 58. Ke6 Nc7+ 59. Kxf6 Nxa8 60. e5 Nc7 61. e6 Kxc4 62. e7 Kd5 1/2-1/2

[Event "Wch Seniors 50 26th"]
[Site "Marianske Lazne"]
[Date "2016.11.22"]
[Round "4"]
[White "Schneider, Waldemar"]
[Black "Polanyi, Peter"]
[Result "0-1"]
[WhiteElo "1818"]
[BlackElo "1990"]
[PlyCount "62"]
[EventDate "2016.11.19"]
[EventType "swiss"]
[EventRounds "11"]
[EventCountry "CZE"]
[SourceTitle "CBM 175 Extra"]
[Source "ChessBase"]
[SourceDate "2016.12.12"]
[SourceVersion "1"]
[SourceVersionDate "2016.12.12"]
[SourceQuality "1"]

1. d4 Nf6 2. c4 c5 3. d5 b5 4. cxb5 a6 5. bxa6 Bxa6 6. Nc3 d6 7. e4 Bxf1 8. Kxf1 g6 9. Nf3 Nbd7 10. Qe2 Qb8 11. a4 Bg7 12. g3 0-0 13. Kg2 Ng4 14. Ra3 Rc8 15. Nb5 Nge5 16. Nd2 c4 17. f4 Nd3 18. Nxc4 Rxc4 19. Rxd3 Rcxa4 20. Nc3 Rb4 21. Rd2 Nc5 22. Rc2 Bxc3 23. Rxc3 Rxe4 24. Re3 f5 25. Re1 Qb7 26. Rd1 Ra2 27. Rxe4 Nxe4 28. Qc4 Rxb2+ 29. Bxb2 Qxb2+ 30. Kh3 Nf2+ 31. Kh4 Qf6# 0-1

[Event "Wch Seniors 50 26th"]
[Site "Marianske Lazne"]
[Date "2016.11.19"]
[Round "1"]
[White "Polanyi, Peter"]
[Black "Vlassov, Nikolai"]
[Result "0-1"]
[WhiteElo "1990"]
[BlackElo "2415"]
[PlyCount "54"]
[EventDate "2016.11.19"]
[EventType "swiss"]
[EventRounds "11"]
[EventCountry "CZE"]
[SourceTitle "CBM 175 Extra"]
[Source "ChessBase"]
[SourceDate "2016.12.12"]
[SourceVersion "1"]
[SourceVersionDate "2016.12.12"]
[SourceQuality "1"]

1. e4 Nc6 2. Nf3 d5 3. exd5 Qxd5 4. Nc3 Qa5 5. d4 Bg4 6. Be2 0-0-0 7. Be3 Nf6 8. h3 Bxf3 9. Bxf3 e5 10. d5 e4 11. Bg4+ Kb8 12. 0-0 Nxd5 13. Nxd5 Rxd5 14. Qc1 Bc5 15. c4 Rdd8 16. a3 Bd4 17. Rb1 f5 18. b4 Qe5 19. b5 Ne7 20. Bf4 Qe6 21. Be2 h6 22. c5 g5 23. Be3 f4 24. Bxd4 Rxd4 25. c6 f3 26. gxf3 Qxh3 27. Qe3 Nf5 0-1

[Event "SUI-chB"]
[Site "Basel"]
[Date "2004.??.??"]
[Round "?"]
[White "Polanyi, Peter"]
[Black "Fiedler, Joerg"]
[Result "1-0"]
[WhiteElo "2040"]
[BlackElo "2050"]
[PlyCount "73"]
[EventDate "2004.??.??"]
[EventType "tourn"]
[EventRounds "7"]
[EventCountry "SUI"]
[SourceTitle "EXT 2010"]
[Source "ChessBase"]
[SourceDate "2010.11.25"]
[SourceVersion "1"]
[SourceVersionDate "2010.11.25"]
[SourceQuality "1"]

1. Nf3 Nf6 2. g3 g6 3. Bg2 Bg7 4. d3 d6 5. e4 e5 6. c3 0-0 7. 0-0 Nbd7 8. Nbd2 Re8 9. a4 a5 10. Re1 b6 11. Nc4 Ba6 12. Nfd2 Nc5 13. Nb3 Nxa4 14. Nbxa5 Nc5 15. Nc6 Qd7 16. Nb4 Bb7 17. Rxa8 Rxa8 18. Ne3 Qb5 19. Bf1 Qd7 20. Ned5 Nxd5 21. Nxd5 Ra1 22. Qe2 Ba6 23. Nb4 Bb7 24. Be3 Qa4 25. Rxa1 Qxa1 26. Nd5 Bxd5 27. exd5 Na4 28. Qg4 f5 29. Qc4 f4 30. gxf4 Nxb2 31. Qxc7 Nxd3 32. Qd8+ Bf8 33. fxe5 Qd1 34. Qf6 Nxe5 35. Qe6+ Kg7 36. Bd4 Qh5 37. f4 1-0

[Event "SUI-chB"]
[Site "Basel"]
[Date "2004.??.??"]
[Round "?"]
[White "Polanyi, Peter"]
[Black "Wirz, Heinz"]
[Result "0-1"]
[WhiteElo "2040"]
[BlackElo "2125"]
[PlyCount "86"]
[EventDate "2004.??.??"]
[EventType "tourn"]
[EventRounds "7"]
[EventCountry "SUI"]
[SourceTitle "EXT 2010"]
[Source "ChessBase"]
[SourceDate "2010.11.25"]
[SourceVersion "1"]
[SourceVersionDate "2010.11.25"]
[SourceQuality "1"]

1. e4 e6 2. d3 d5 3. Nd2 c5 4. Ngf3 Nc6 5. g3 Nf6 6. Bg2 Be7 7. 0-0 0-0 8. c3 b5 9. a4 bxa4 10. Rxa4 a5 11. e5 Nd7 12. Re1 Ba6 13. Qe2 Rb8 14. h4 Qe8 15. Ra1 Rb6 16. Nf1 Qb8 17. N1h2 Bd8 18. Ra2 Bc7 19. Bf4 Ne7 20. g4 Ng6 21. Bg3 f6 22. exf6 Bxg3 23. fxg3 Qxg3 24. f7+ Rxf7 25. Nf1 Qxg4 26. Ng5 Qxe2 27. Rxe2 Rf6 28. Rxa5 Bxd3 29. Ra8+ Ndf8 30. Rd2 Bxf1 31. Bxf1 Nxh4 32. Bd3 Nf3+ 33. Nxf3 Rxf3 34. c4 d4 35. Be4 Rf4 36. Re2 g6 37. Rc8 Rb3 38. Rxc5 d3 39. Bxd3 Rxd3 40. b4 Rc3 41. b5 Rcxc4 42. Rxc4 Rxc4 43. Rb2 Rc8 0-1

[Event "Budapest FS10 FM-A"]
[Site "Budapest"]
[Date "2002.10.10"]
[Round "6"]
[White "Szilardfy, Gyula"]
[Black "Polanyi, Peter"]
[Result "1/2-1/2"]
[WhiteElo "2115"]
[BlackElo "2069"]
[PlyCount "41"]
[EventDate "2002.10.05"]
[EventType "tourn"]
[EventRounds "11"]
[EventCountry "HUN"]
[SourceTitle "CBM 090 Extra"]
[Source "ChessBase"]
[SourceDate "2002.11.07"]
[SourceVersion "1"]
[SourceVersionDate "2002.11.07"]
[SourceQuality "1"]

1. Nf3 c5 2. g3 Nc6 3. Bg2 Nf6 4. 0-0 e6 5. d3 d5 6. Nbd2 Be7 7. e4 0-0 8. Re1 dxe4 9. dxe4 e5 10. c3 Qc7 11. Qc2 h6 12. Nf1 Be6 13. Nh4 c4 14. Ne3 Rfd8 15. Nhf5 Bc5 16. Nd5 Nxd5 17. exd5 Bxd5 18. Bxd5 Rxd5 19. Re4 Qd8 20. h4 Bf8 21. Ne3 1/2-1/2

[Event "Budapest FS10 FM-A"]
[Site "Budapest"]
[Date "2002.10.08"]
[Round "4"]
[White "Polanyi, Peter"]
[Black "Szamoskozi, Gabor"]
[Result "0-1"]
[WhiteElo "2069"]
[BlackElo "2201"]
[PlyCount "108"]
[EventDate "2002.10.05"]
[EventType "tourn"]
[EventRounds "11"]
[EventCountry "HUN"]
[SourceTitle "CBM 090 Extra"]
[Source "ChessBase"]
[SourceDate "2002.11.07"]
[SourceVersion "1"]
[SourceVersionDate "2002.11.07"]
[SourceQuality "1"]

1. e4 c6 2. d3 d5 3. Nd2 e5 4. Ngf3 Qc7 5. g3 Nf6 6. Bg2 dxe4 7. dxe4 h6 8. h4 Be7 9. c3 Be6 10. Qe2 Nbd7 11. 0-0 0-0 12. Re1 b5 13. c4 Rab8 14. b3 a5 15. cxb5 cxb5 16. Bb2 Ng4 17. Rac1 Bc5 18. Nf1 Qb6 19. Ne3 Nxe3 20. fxe3 Rbc8 21. Kh2 Bd6 22. Red1 Nf6 23. Bh3 Bxh3 24. Kxh3 Bb8 25. Kg2 Rxc1 26. Rxc1 Re8 27. Qd3 Ng4 28. Re1 Rd8 29. Qe2 h5 30. Ba1 Qc6 31. Nd2 Qc2 32. Nf1 Qxe4+ 33. Qf3 Qc2+ 34. Qe2 Qc6+ 35. Kg1 Ba7 36. Bb2 e4 37. Rc1 Qd6 38. Kg2 Bxe3 39. Nxe3 Qd2 40. Re1 Nxe3+ 41. Kg1 Qxe2 42. Rxe2 Rd1+ 43. Kf2 Ng4+ 44. Kg2 f5 45. Bc3 b4 46. Bd2 Nf6 47. Bf4 Nd5 48. Be5 Kf7 49. Kf2 Rd3 50. Rc2 Nc3 51. Bf4 Ke6 52. Bd2 Kd5 53. Bxc3 bxc3 54. a3 Rd2+ 0-1

[Event "Budapest FS03 FM-B"]
[Site "Budapest"]
[Date "2002.??.??"]
[Round "7"]
[White "Zilahi, Gabor"]
[Black "Polanyi, Peter"]
[Result "1-0"]
[WhiteElo "2115"]
[BlackElo "2065"]
[PlyCount "89"]
[EventDate "2002.03.02"]
[EventType "tourn"]
[EventRounds "10"]
[EventCountry "HUN"]
[SourceTitle "CBM 087 Extra"]
[Source "ChessBase"]
[SourceDate "2002.05.03"]
[SourceVersion "2"]
[SourceVersionDate "2002.08.09"]
[SourceQuality "1"]

1. Nf3 c5 2. e4 e6 3. Nc3 Nc6 4. Bb5 d6 5. 0-0 Nf6 6. Re1 Bd7 7. d3 Be7 8. h3 0-0 9. Bxc6 Bxc6 10. b3 Nd7 11. Bb2 Bf6 12. Rb1 Ne5 13. Nh2 a6 14. Qd2 b5 15. Nd1 Nd7 16. f4 Bxb2 17. Nxb2 Qc7 18. Re2 Rae8 19. Rbe1 Qd8 20. Nd1 f5 21. Nf3 e5 22. fxe5 dxe5 23. Nf2 Qf6 24. Qc3 Kh8 25. Nd2 Qg6 26. Kh2 f4 27. Nf3 h5 28. Nh1 Qf6 29. Rf1 Rg8 30. g4 hxg4 31. hxg4 g5 32. Kg1 Rg7 33. Rh2+ Rh7 34. Rxh7+ Kxh7 35. Rf2 Rh8 36. Qa5 Kg6 37. Qc7 Qe6 38. Rg2 c4 39. Nf2 cxb3 40. axb3 Kf6 41. d4 Ba8 42. d5 Bxd5 43. exd5 Qxd5 44. Nd2 Nc5 45. Qxc5 1-0

[Event "Budapest FS10 FM"]
[Site "Budapest"]
[Date "2001.??.??"]
[Round "7"]
[White "Banhazi, Istvan"]
[Black "Polanyi, Peter"]
[Result "1-0"]
[WhiteElo "2055"]
[BlackElo "2050"]
[PlyCount "79"]
[EventDate "2001.??.??"]
[EventType "tourn"]
[EventRounds "11"]
[EventCountry "HUN"]
[SourceTitle "EXT 2003"]
[Source "ChessBase"]
[SourceDate "2002.11.25"]
[SourceVersion "1"]
[SourceVersionDate "2002.11.25"]
[SourceQuality "1"]

1. d4 Nf6 2. c4 c5 3. d5 b5 4. cxb5 a6 5. e3 e6 6. Nc3 Bb7 7. dxe6 fxe6 8. Nf3 d5 9. bxa6 Bxa6 10. Bxa6 Rxa6 11. 0-0 Be7 12. Qe2 0-0 13. Rd1 Qb6 14. e4 d4 15. Nb1 Nc6 16. Nbd2 Nb4 17. Nc4 Qb7 18. Bg5 d3 19. Rxd3 Nxd3 20. Qxd3 Rd8 21. Qc2 Ra7 22. e5 Ne8 23. h4 Qd5 24. Nb6 Qc6 25. Bxe7 Rxe7 26. Ng5 g6 27. Nc4 Qd5 28. Ne4 Qd4 29. Kh2 Rf7 30. f3 Rf4 31. Kg3 Rf5 32. a4 Ng7 33. a5 Nh5+ 34. Kh3 Nf4+ 35. Kh2 Nd3 36. Rd1 Rff8 37. a6 Nb4 38. Rxd4 Nxc2 39. Rxd8 Rxd8 40. Nb6 1-0

[Event "Budapest FS10 FM"]
[Site "Budapest"]
[Date "2001.??.??"]
[Round "1"]
[White "Polanyi, Peter"]
[Black "Prohaszka, Peter"]
[Result "1-0"]
[WhiteElo "2050"]
[BlackElo "2000"]
[PlyCount "93"]
[EventDate "2001.??.??"]
[EventType "tourn"]
[EventRounds "11"]
[EventCountry "HUN"]
[SourceTitle "EXT 2003"]
[Source "ChessBase"]
[SourceDate "2002.11.25"]
[SourceVersion "1"]
[SourceVersionDate "2002.11.25"]
[SourceQuality "1"]

1. e4 c6 2. d4 d5 3. exd5 cxd5 4. c4 Nf6 5. Nc3 Nc6 6. Nf3 Bg4 7. cxd5 Nxd5 8. Qb3 Bxf3 9. gxf3 e6 10. Qxb7 Nxd4 11. Bb5+ Nxb5 12. Qc6+ Ke7 13. Qxb5 Qd7 14. Nxd5+ Qxd5 15. Qxd5 exd5 16. 0-0 Ke6 17. Be3 Be7 18. Rfe1 Kf5 19. Bd4 Bf6 20. Rad1 Rhd8 21. b4 Rd7 22. a4 Bxd4 23. Rxd4 g5 24. b5 Rc8 25. Red1 Ke5 26. a5 Rc5 27. Rb4 Rb7 28. Rdb1 d4 29. Kf1 Kd5 30. Ke2 Rc4 31. b6 Rxb4 32. Rxb4 axb6 33. Rxb6 Ra7 34. Rb5+ Kc4 35. Rxg5 Kc3 36. Rc5+ Kb4 37. Rc2 Rxa5 38. Kd3 Rh5 39. Kxd4 Rxh2 40. Rb2+ Ka3 41. Rb7 f6 42. Rf7 Rxf2 43. Rxf6 Kb4 44. f4 Rd2+ 45. Ke5 Kc5 46. Rh6 Rd7 47. f5 1-0

[Event "Budapest FS10 FM"]
[Site "Budapest"]
[Date "2001.??.??"]
[Round "6"]
[White "Polanyi, Peter"]
[Black "Szirmai, Eduard"]
[Result "1/2-1/2"]
[WhiteElo "2050"]
[BlackElo "2140"]
[PlyCount "54"]
[EventDate "2001.??.??"]
[EventType "tourn"]
[EventRounds "11"]
[EventCountry "HUN"]
[SourceTitle "EXT 2003"]
[Source "ChessBase"]
[SourceDate "2002.11.25"]
[SourceVersion "1"]
[SourceVersionDate "2002.11.25"]
[SourceQuality "1"]

1. e4 c5 2. Nf3 e6 3. d3 d5 4. Nbd2 Nf6 5. c3 dxe4 6. dxe4 Nc6 7. a4 Be7 8. Bc4 0-0 9. 0-0 Qc7 10. Qe2 Bd6 11. Re1 Ng4 12. h3 Nge5 13. Ba2 b6 14. Nxe5 Bxe5 15. Nf3 a5 16. Nxe5 Qxe5 17. Qf3 Bb7 18. Bf4 Qf6 19. Qg3 e5 20. Bg5 Qg6 21. Rad1 Kh8 22. Bh4 f6 23. Qxg6 hxg6 24. Rd7 Nd8 25. Rd6 Bc6 26. Bb3 Rc8 27. f3 Nb7 1/2-1/2

[Event "Pontresina Seniors-HT I"]
[Site "Pontresina"]
[Date "2000.??.??"]
[Round "4"]
[White "Bhend, Edwin"]
[Black "Polanyi, Peter"]
[Result "1-0"]
[WhiteElo "2272"]
[BlackElo "2053"]
[PlyCount "57"]
[EventDate "2000.07.13"]
[EventType "swiss"]
[EventRounds "9"]
[EventCountry "SUI"]
[SourceTitle "EXT 2001"]
[Source "ChessBase"]
[SourceDate "2000.11.22"]
[SourceVersion "1"]
[SourceVersionDate "2000.11.22"]
[SourceQuality "1"]

1. e4 c5 2. f4 Nc6 3. Nf3 d6 4. c3 e5 5. Bb5 Qc7 6. d3 Bd7 7. a4 Nf6 8. Na3 a6 9. Bc4 h6 10. 0-0 Be7 11. Kh1 0-0 12. Nh4 Bg4 13. Qe1 Kh7 14. f5 g5 15. Nf3 Bxf3 16. Rxf3 Ng8 17. Rh3 Bf6 18. Nc2 Kg7 19. Ne3 Nge7 20. Qe2 Rh8 21. Qh5 Raf8 22. Bd2 Na5 23. Ba2 b5 24. axb5 axb5 25. Rf1 c4 26. Ng4 Ng8 27. Bxg5 Qd8 28. Nxf6 Nxf6 29. Bxh6+ 1-0

[Event "Budapest FS11 Elo"]
[Site "Budapest"]
[Date "1999.??.??"]
[Round "?"]
[White "Palotai, Piroska"]
[Black "Polanyi, Peter"]
[Result "1/2-1/2"]
[WhiteElo "2090"]
[BlackElo "2035"]
[PlyCount "96"]
[EventDate "1999.11.06"]
[EventType "tourn"]
[EventRounds "11"]
[EventCountry "HUN"]
[SourceTitle "EXT 2002"]
[Source "ChessBase"]
[SourceDate "2001.11.25"]
[SourceVersion "1"]
[SourceVersionDate "2001.11.25"]
[SourceQuality "1"]

1. e4 c5 2. Nf3 e6 3. d4 cxd4 4. Nxd4 Nc6 5. Be3 a6 6. Be2 Nf6 7. Nc3 Qc7 8. 0-0 Be7 9. Kh1 b5 10. a3 Bb7 11. f4 d6 12. Bf3 0-0 13. g4 Nxd4 14. Qxd4 e5 15. Qd2 exf4 16. Bxf4 Nd7 17. Rad1 Ne5 18. Bxe5 dxe5 19. Nd5 Bxd5 20. exd5 Bd6 21. Be4 Qe7 22. Qf2 Qg5 23. Qg3 g6 24. Rf3 f6 25. Rdf1 Kg7 26. Rc3 Rac8 27. Rc6 Rxc6 28. dxc6 Qd2 29. Qf3 Qg5 30. Rd1 Rd8 31. h3 Bc7 32. Rxd8 Bxd8 33. Qf2 Qf4 34. Qxf4 exf4 35. Kg2 Kf7 36. Kf3 Bc7 37. Bd3 Ke6 38. a4 bxa4 39. Bxa6 Kd5 40. Bb5 a3 41. bxa3 Kc5 42. a4 Kd4 43. h4 g5 44. h5 h6 45. c3+ Kd5 46. Bf1 Bb6 47. Bg2 Kd6 48. Ke2 f5 1/2-1/2

[Event "Budapest FS11 Elo"]
[Site "Budapest"]
[Date "1999.??.??"]
[Round "?"]
[White "Polanyi, Peter"]
[Black "Bordas, Gyula"]
[Result "1/2-1/2"]
[WhiteElo "2035"]
[BlackElo "2135"]
[PlyCount "120"]
[EventDate "1999.11.06"]
[EventType "tourn"]
[EventRounds "11"]
[EventCountry "HUN"]
[SourceTitle "EXT 2002"]
[Source "ChessBase"]
[SourceDate "2001.11.25"]
[SourceVersion "1"]
[SourceVersionDate "2001.11.25"]
[SourceQuality "1"]

1. e4 c5 2. Nf3 d6 3. d3 b6 4. g3 Bb7 5. Bg2 g6 6. 0-0 Bg7 7. c3 c4 8. Re1 cxd3 9. Qxd3 Nd7 10. Nbd2 Nc5 11. Qc2 a5 12. Nb3 a4 13. Nxc5 bxc5 14. a3 Qc7 15. Bf4 e5 16. Bd2 Bc6 17. Rad1 Ne7 18. Bc1 0-0 19. h4 h6 20. h5 f5 21. Nh4 fxe4 22. Bxe4 g5 23. Ng6 Nxg6 24. hxg6 Rad8 25. Bd5+ Kh8 26. Qe4 Bxd5 27. Rxd5 Rf6 28. Qxa4 Rxg6 29. Qe4 Rf6 30. Be3 Rb8 31. Re2 Qf7 32. Red2 Bf8 33. b4 cxb4 34. cxb4 Rc8 35. Rd1 Rc3 36. R5d3 Rc4 37. Qd5 Qc7 38. Bc5 Rc2 39. Rf3 Rxf3 40. Qxf3 Kg7 41. Qd3 Ra2 42. Qb3 Qf7 43. Qxf7+ Kxf7 44. Bxd6 Rxa3 45. Bxf8 Kxf8 46. Rd5 Rb3 47. b5 e4 48. Kf1 Kf7 49. Ke2 Ke6 50. Rc5 Kd6 51. Rc6+ Kd5 52. Rxh6 Rb2+ 53. Ke3 Rxb5 54. Rg6 Rb3+ 55. Ke2 Rb2+ 56. Kf1 e3 57. Rxg5+ Ke4 58. Rg4+ Kd3 59. fxe3 Kxe3 60. Rf4 Ra2 1/2-1/2

[Event "Budapest FS11 Elo"]
[Site "Budapest"]
[Date "1999.??.??"]
[Round "7"]
[White "Polanyi, Peter"]
[Black "Gonda, Laszlo"]
[Result "1/2-1/2"]
[WhiteElo "2035"]
[BlackElo "2085"]
[PlyCount "129"]
[EventDate "1999.11.06"]
[EventType "tourn"]
[EventRounds "11"]
[EventCountry "HUN"]
[SourceTitle "EXT 2002"]
[Source "ChessBase"]
[SourceDate "2001.11.25"]
[SourceVersion "1"]
[SourceVersionDate "2001.11.25"]
[SourceQuality "1"]

1. e4 c5 2. Nf3 Nc6 3. d3 g6 4. g3 Bg7 5. Bg2 e6 6. 0-0 Nge7 7. c3 d5 8. Nbd2 0-0 9. Re1 b6 10. e5 Qc7 11. Qe2 Ba6 12. Nf1 Rad8 13. Bf4 c4 14. d4 b5 15. a3 Bc8 16. h4 Bd7 17. N1h2 Kh8 18. g4 f5 19. g5 Kg8 20. Nf1 Kf7 21. Ng3 Rh8 22. h5 Na5 23. Nh4 Rdg8 24. Bh3 Qb6 25. Qf3 Ke8 26. Be3 Kd8 27. h6 Bf8 28. Ne2 Nb3 29. Rad1 Nc8 30. Nc1 Nxc1 31. Rxc1 Qc6 32. Ng2 Be8 33. Nf4 Nb6 34. Bg2 Be7 35. Qg3 Bf7 36. Rb1 Na4 37. Bd2 Nb6 38. Bf3 Kd7 39. Bd1 Rb8 40. Bc2 Rhc8 41. Ra1 a5 42. Reb1 Rb7 43. Kh2 Ra8 44. Bd1 Rba7 45. Bf3 Ke8 46. Qh4 Kf8 47. Rg1 Na4 48. Rgb1 Kg8 49. Qg3 b4 50. Bd1 bxa3 51. bxa3 Nb6 52. a4 Rb7 53. Bc2 Rab8 54. Qg1 Nc8 55. Ne2 Rb2 56. Rxb2 Rxb2 57. Qd1 Be8 58. Bc1 Rb6 59. Ng3 Na7 60. Ne2 Qb7 61. Ng3 Nc6 62. Ne2 Qb8 63. f4 Rb7 64. Kg3 Nd8 65. Kh2 1/2-1/2

[Event "Zalakaros op 16th"]
[Site "Zalakaros"]
[Date "1997.??.??"]
[Round "8"]
[White "Gaber, Jozsef"]
[Black "Polanyi, Peter"]
[Result "1-0"]
[WhiteElo "2190"]
[BlackElo "2055"]
[PlyCount "63"]
[EventDate "1997.??.??"]
[EventType "swiss"]
[EventRounds "9"]
[EventCountry "HUN"]
[SourceTitle "EXT 2001"]
[Source "ChessBase"]
[SourceDate "2000.11.22"]
[SourceVersion "1"]
[SourceVersionDate "2000.11.22"]
[SourceQuality "1"]

1. e4 c5 2. Nf3 e6 3. b3 Nc6 4. Bb2 d6 5. d4 cxd4 6. Nxd4 Nf6 7. Bd3 Be7 8. 0-0 0-0 9. c4 Nb4 10. Nc3 Nxd3 11. Qxd3 a6 12. Rad1 Qc7 13. Qg3 Ne8 14. Kh1 Bd7 15. f4 Bc6 16. Rfe1 Bf6 17. Nxc6 Qxc6 18. e5 Be7 19. Ba3 Qc7 20. f5 dxe5 21. Bxe7 Qxe7 22. Qxe5 Nc7 23. Nd5 Nxd5 24. cxd5 Rfe8 25. fxe6 fxe6 26. dxe6 Rad8 27. Rd7 Qf6 28. Qd5 Kh8 29. h3 Rxd7 30. Qxd7 Qe7 31. Rc1 h6 32. Rc8 1-0

[Event "Zalakaros op 16th"]
[Site "Zalakaros"]
[Date "1997.??.??"]
[Round "5"]
[White "Polanyi, Peter"]
[Black "Varga, Karoly"]
[Result "0-1"]
[WhiteElo "2055"]
[BlackElo "2270"]
[PlyCount "40"]
[EventDate "1997.??.??"]
[EventType "swiss"]
[EventRounds "9"]
[EventCountry "HUN"]
[SourceTitle "EXT 2001"]
[Source "ChessBase"]
[SourceDate "2000.11.22"]
[SourceVersion "1"]
[SourceVersionDate "2000.11.22"]
[SourceQuality "1"]

1. e4 g6 2. d3 e5 3. Nf3 Bg7 4. c3 c5 5. g3 Nc6 6. Bg2 Nge7 7. 0-0 0-0 8. Nh4 d5 9. a4 Be6 10. Nd2 d4 11. c4 Qd7 12. Nb3 b6 13. f4 a5 14. f5 gxf5 15. exf5 Nxf5 16. Nxf5 Bxf5 17. Rxf5 Qxf5 18. Bxc6 Ra7 19. Qe2 Qg6 20. Bd2 Qxc6 0-1